MARC details
| 000 -LEADER |
| fixed length control field |
00824nam a2200253#a 4500 |
| 001 - CONTROL NUMBER |
| control field |
02496 |
| 003 - CONTROL NUMBER IDENTIFIER |
| control field |
HDC |
| 007 - PHYSICAL DESCRIPTION FIXED FIELD--GENERAL INFORMATION |
| fixed length control field |
ta |
| 008 - FIXED-LENGTH DATA ELEMENTS--GENERAL INFORMATION |
| fixed length control field |
230623s2023 xx 000 0 eng d |
| 020 ## - INTERNATIONAL STANDARD BOOK NUMBER |
| International Standard Book Number |
9789832259039 |
| Qualifying information |
paperback. |
| 040 ## - CATALOGING SOURCE |
| Original cataloging agency |
HDC |
| 050 ## - LIBRARY OF CONGRESS CALL NUMBER |
| Classification number |
agro-bank HG 3300 |
| Item number |
.B36 |
| 110 ## - MAIN ENTRY--CORPORATE NAME |
| Corporate name or jurisdiction name as entry element |
Malaysia.Bank Pertanian Malaysia Berhad (Agrobank) |
| 245 #0 - TITLE STATEMENT |
| Title |
MENDEPANI CABARAN MEMACU PERUBAHAN / |
| Statement of responsibility, etc. |
Bank Pertanian Malaysia Berhad (Agrobank) |
| 264 ## - PRODUCTION, PUBLICATION, DISTRIBUTION, MANUFACTURE, AND COPYRIGHT NOTICE |
| Place of production, publication, distribution, manufacture |
Kuala Lumpur : |
| Name of producer, publisher, distributor, manufacturer |
Bank Pertanian Malaysia Berhad, |
| Date of production, publication, distribution, manufacture, or copyright notice |
[Year of publication not identified] |
| 300 ## - PHYSICAL DESCRIPTION |
| Extent |
47 pages. : |
| Other physical details |
color illustrations ; |
| Dimensions |
21 cm |
| 650 ## - SUBJECT ADDED ENTRY--TOPICAL TERM |
| Topical term or geographic name entry element |
Bank Pertanian |
| Geographic subdivision |
Malaysia |
| 650 ## - SUBJECT ADDED ENTRY--TOPICAL TERM |
| Topical term or geographic name entry element |
Banks and banking |
| 710 ## - ADDED ENTRY--CORPORATE NAME |
| Corporate name or jurisdiction name as entry element |
Malaysia.Bank Pertanian Malaysia Berhad (Agrobank) |
| 942 ## - ADDED ENTRY ELEMENTS (KOHA) |
| Source of classification or shelving scheme |
Library of Congress Classification |
| 942 ## - ADDED ENTRY ELEMENTS (KOHA) |
| Koha item type |
Book |
| 942 ## - ADDED ENTRY ELEMENTS (KOHA) |
| Call number prefix |
agro-bank HG 3300 |
| 942 ## - ADDED ENTRY ELEMENTS (KOHA) |
| Call number suffix |
.B36 |